[Event "U20ch-RUS"]
[Site "Cheboksary RUS"]
[Date "2006.03.10"]
[Round "9"]
[White "Geller,J"]
[Black "Iljin,A"]
[Result "1/2-1/2"]
[WhiteElo "2505"]
[BlackElo "2510"]
[EventDate "2006.03.02"]

1. e4 c5 2. Nf3 e6 3. d4 cxd4 4. Nxd4 a6 5. Bd3 Qb6 6. Be3 Bc5 7. c3 Qc7 8.
O-O Nf6 9. Nd2 d6 10. Qf3 e5 11. Nc2 Be6 12. Bc4 O-O 13. Bxe6 fxe6 14. Qh3
Re8 15. f4 exf4 16. Rxf4 Nbd7 17. Kh1 Ne5 18. Bd4 Ng6 19. Rff1 e5 20. Bxc5
dxc5 21. Ne3 Rad8 22. Rad1 Qc6 23. Qf5 Rf8 24. Rfe1 Rxd2 25. Rxd2 Nxe4 26.
Qd7 Nxd2 27. Qxd2 Qe6 28. Nd5 e4 29. Kg1 Qe5 30. c4 Re8 31. Nc3 e3 32. Qd5+
Qxd5 33. Nxd5 e2 34. b3 b5 35. Nc7 Re5 36. cxb5 axb5 37. Nxb5 Nf4 38. Nc3
Re3 39. g3 Nh3+ 40. Kg2 Rxc3 41. Kxh3 Rc2 42. a4 c4 43. bxc4 Rxc4 1/2-1/2

[Event "U20ch-RUS"]
[Site "Cheboksary RUS"]
[Date "2006.03.10"]
[Round "9"]
[White "Lysyj,I"]
[Black "Vitiugov,N"]
[Result "1-0"]
[WhiteElo "2523"]
[BlackElo "2573"]
[EventDate "2006.03.02"]

1. d4 d5 2. c4 e6 3. Nc3 Nf6 4. cxd5 exd5 5. Bg5 c6 6. e3 Be7 7. Qc2 Nbd7
8. Bd3 Nh5 9. Bxe7 Qxe7 10. Nge2 g6 11. g4 Ng7 12. O-O-O Nb6 13. h3 Bd7 14.
Nf4 g5 15. Nfe2 h6 16. e4 dxe4 17. Bxe4 O-O-O 18. d5 Qc5 19. dxc6 Bxc6 20.
Bxc6 Qxc6 21. Nb5 Qxc2+ 22. Kxc2 Kb8 23. Nd6 Rd7 24. Ng3 Nc8 25. Nde4 Rc7+
26. Kb1 Re8 27. h4 gxh4 28. Rxh4 Rc6 29. a3 a6 30. Rd7 Re7 31. Rd8 Ne8 32.
f3 Kc7 33. Rd1 Ng7 34. Rdh1 Ree6 35. Ne2 f5 36. N4g3 Rc4 37. gxf5 Rxh4 38.
Rxh4 Nxf5 39. Nxf5 Rxe2 40. Rxh6 Rf2 41. Nd4 Nd6 42. Rh1 Kb6 43. Rc1 Nb5
44. Nxb5 axb5 45. Rc3 b4 46. Rb3 Kc6 47. axb4 Kb5 48. Ka2 Ka4 49. b5 b6 50.
Re3 Kxb5 51. Kb3 Kc6 52. Kc3 b5 53. b3 Kc5 54. Re5+ Kd6 55. Rf5 Ke6 56. Rf8
Ke7 57. Rf4 Kd6 58. Kb4 Rb2 59. Rf5 Ke6 60. Rc5 Rd2 61. Kxb5 Rd3 62. b4
Rxf3 63. Kb6 Kd6 64. b5 Rb3 65. Rc1 Kd7 66. Ka6 Rd3 67. b6 Rd2 68. Ka7 Ra2+
69. Kb8 Rb2 70. b7 Ra2 71. Rd1+ 1-0

[Event "U20ch-RUS"]
[Site "Cheboksary RUS"]
[Date "2006.03.10"]
[Round "9"]
[White "Nepomniachtchi,I"]
[Black "Savchenko,B"]
[Result "1-0"]
[WhiteElo "2506"]
[BlackElo "2569"]
[EventDate "2006.03.02"]

1. e4 c5 2. Nf3 Nc6 3. d4 cxd4 4. Nxd4 g6 5. Nc3 Bg7 6. Be3 Nf6 7. Bc4 O-O
8. Bb3 d6 9. f3 Bd7 10. Qd2 Nxd4 11. Bxd4 b5 12. h4 a5 13. h5 e6 14. a4
bxa4 15. Nxa4 Rb8 16. hxg6 hxg6 17. Be3 Bxa4 18. Rxa4 Rb5 19. g4 d5 20. e5
Nd7 21. Qh2 f6 22. f4 Kf7 23. Qe2 Qb8 24. f5 Nxe5 25. fxe6+ Kxe6 26. Rh7
Rf7 27. Ba2 Re7 28. Rd4 Kf7 29. Rxd5 Rxd5 30. Bxd5+ Ke8 31. c3 Qd6 32. Qb5+
Kf8 33. Kd2 Nxg4 34. Qc5 Qc7 35. Bd4 Qf4+ 36. Kd3 Ne5+ 37. Kc2 Qf5+ 38. Kb3
Nd3 39. Qb5 Qd7 40. Qxa5 Qe8 41. Qb6 Nf4 42. Rxg7 Nxd5 43. Rxe7 Kxe7 44.
Bc5+ Kf7 45. Qb7+ Ke6 46. c4 Qd8 47. cxd5+ Qxd5+ 48. Qxd5+ Kxd5 49. Be7 f5
50. Kc3 f4 51. Kd3 Ke6 52. Bd8 Kd5 53. b4 Kc6 54. Ke4 1-0

[Event "U20ch-RUS"]
[Site "Cheboksary RUS"]
[Date "2006.03.11"]
[Round "10"]
[White "Geller,J"]
[Black "Grachev,B"]
[Result "0-1"]
[WhiteElo "2505"]
[BlackElo "2510"]
[EventDate "2006.03.02"]

1. e4 c5 2. Nf3 d6 3. d4 cxd4 4. Nxd4 Nf6 5. Nc3 a6 6. a4 e5 7. Nf3 Qc7 8.
Bg5 Nbd7 9. Nd2 h6 10. Bxf6 Nxf6 11. Bc4 Be6 12. Bb3 Rd8 13. Nf1 Bxb3 14.
cxb3 d5 15. exd5 Bb4 16. Ne3 Bxc3+ 17. bxc3 Qxc3+ 18. Ke2 Qb2+ 19. Qd2
Qxd2+ 20. Kxd2 Nxd5 21. Nxd5 Rxd5+ 22. Ke2 Ke7 23. Rhc1 Rhd8 24. Ra2 R8d7
25. Rc3 Ke6 26. h4 Rd4 27. g3 Rb4 28. Rac2 h5 29. Re3 Rbd4 30. Rec3 g6 31.
Re3 R7d6 32. Rc8 Rd2+ 33. Ke1 Rd1+ 34. Ke2 R6d2+ 35. Kf3 Rf1 36. Re2 Rxe2
37. Kxe2 Rb1 38. Rc3 Rb2+ 39. Ke3 f5 40. Rd3 a5 41. Rc3 e4 42. f3 Kd5 43.
fxe4+ fxe4 44. Kf4 Rf2+ 0-1

[Event "U20ch-RUS"]
[Site "Cheboksary RUS"]
[Date "2006.03.11"]
[Round "10"]
[White "Vitiugov,N"]
[Black "Nepomniachtchi,I"]
[Result "1-0"]
[WhiteElo "2573"]
[BlackElo "2506"]
[EventDate "2006.03.02"]

1. d4 Nf6 2. c4 c5 3. d5 b5 4. cxb5 a6 5. e3 axb5 6. Bxb5 Qa5+ 7. Nc3 Bb7
8. Bd2 Qb6 9. Bc4 e6 10. e4 Nxe4 11. dxe6 dxe6 12. Nxe4 Bxe4 13. Nf3 Nc6
14. Bc3 Be7 15. O-O O-O 16. Qe2 Bxf3 17. Qxf3 Nd4 18. Qd1 Rfd8 19. a4 Qb8
20. Qg4 Kh8 21. a5 f5 22. Qh3 e5 23. Bxd4 Rxd4 24. Qxf5 Rxc4 25. Qe6 Rc2
26. Qxe7 h6 27. Rad1 Qe8 28. Qb7 Qc8 29. Qb3 Qf5 30. Ra1 Ra6 31. Rae1 Rf6
32. Qe3 Ra6 33. Qb3 Rf6 34. Qe3 Ra6 35. Ra1 e4 36. b3 Qe5 37. Ra4 Rc3 38.
Qe2 Qd6 39. Rxe4 Qd3 40. Qg4 Rxa5 41. Re7 Qd4 42. Qc8+ Kh7 43. Qf5+ 1-0

[Event "U20ch-RUS"]
[Site "Cheboksary RUS"]
[Date "2006.03.11"]
[Round "10"]
[White "Savchenko,B"]
[Black "Safronov,A2"]
[Result "1-0"]
[WhiteElo "2569"]
[BlackElo "2314"]
[EventDate "2006.03.02"]

1. Nc3 e5 2. Nf3 Nc6 3. d4 exd4 4. Nxd4 Nf6 5. Bg5 h6 6. Bh4 d6 7. Bxf6
Qxf6 8. Ndb5 Kd8 9. Nxc7 Rb8 10. e3 Qg6 11. N7d5 Bf5 12. Qd2 Bxc2 13. Nf4
Qh7 14. Rc1 Bf5 15. Ncd5 Bd7 16. Bd3 g6 17. Rxc6 bxc6 18. Qa5+ Rb6 19. Qxa7
cxd5 20. Qxb6+ Ke8 21. Nxd5 Be7 22. Qb8+ 1-0

[Event "U20ch-RUS"]
[Site "Cheboksary RUS"]
[Date "2006.03.12"]
[Round "11"]
[White "Maletin,P"]
[Black "Geller,J"]
[Result "1/2-1/2"]
[WhiteElo "2538"]
[BlackElo "2505"]
[EventDate "2006.03.02"]

1. g3 e5 2. c4 Nf6 3. Bg2 d5 4. cxd5 Nxd5 5. Nc3 Nb6 6. Nf3 Nc6 7. O-O Be7
8. Rb1 a5 9. d3 O-O 10. Nd2 Nd4 11. e3 Nc6 12. Nc4 Nxc4 13. dxc4 1/2-1/2

[Event "U20ch-RUS"]
[Site "Cheboksary RUS"]
[Date "2006.03.12"]
[Round "11"]
[White "Nepomniachtchi,I"]
[Black "Khairullin,I"]
[Result "1/2-1/2"]
[WhiteElo "2506"]
[BlackElo "2533"]
[EventDate "2006.03.02"]

1. e4 c5 2. Nf3 Nc6 3. d4 cxd4 4. Nxd4 Nf6 5. Nc3 e6 6. Ndb5 d6 7. Bf4 e5
8. Bg5 a6 9. Na3 b5 10. Nd5 Be7 11. Bxf6 Bxf6 12. c3 O-O 13. Nc2 Rb8 14. h4
Be7 15. Nce3 Be6 16. Qf3 Qd7 17. Rd1 Bd8 18. Be2 Ne7 19. Qg3 Kh8 20. h5 h6
21. Nxe7 Qxe7 22. Nf5 Bxf5 23. exf5 Bb6 24. Qh4 f6 25. Qe4 a5 26. O-O b4
27. c4 1/2-1/2

[Event "U20ch-RUS"]
[Site "Cheboksary RUS"]
[Date "2006.03.12"]
[Round "11"]
[White "Safronov,A2"]
[Black "Vitiugov,N"]
[Result "0-1"]
[WhiteElo "2314"]
[BlackElo "2573"]
[EventDate "2006.03.02"]

1. d4 Nf6 2. c4 e6 3. Nf3 b6 4. a3 Ba6 5. Qc2 Bb7 6. Nc3 c5 7. e4 cxd4 8.
Nxd4 Bc5 9. Nb3 Nc6 10. Bg5 h6 11. Bh4 Nd4 12. Nxd4 Bxd4 13. Bd3 Qb8 14.
Bg3 Be5 15. O-O-O O-O 16. Kb1 a6 17. Rhe1 Rc8 18. Qe2 b5 19. cxb5 axb5 20.
Nxb5 Bc6 21. Rc1 Ra5 22. Nd4 Bxg3 23. Nxc6 dxc6 24. hxg3 Rxa3 25. Bb5 Ra5
26. Bc4 Qb4 27. Rc3 Rca8 28. Kc2 Rc5 29. Qd3 Rb8 30. Rb1 Ng4 31. f4 Rxc4
32. Rxc4 Ne3+ 33. Qxe3 Qxc4+ 34. Kd2 Rb3 35. Qe2 Qd4+ 36. Kc1 Re3 0-1